000 00211 a2200097 4500
001 12057
100 _aAltaf Gohar
245 _aTahreerain Chand
260 _a
_bSang-e-Meel Publication
_c
090 _c9309
_d9309
942 _aNUST-CAE
_cM
_c36166
999 _c247130
_d247130